Top Wine Consuming Countries Quiz Stats

 Plays Quiz Updated Feb 13, 2019

     
Support Sporcle.
Go Orange.
Score 0/15 Timer 05:00
9 Plays Today
# Country % Correct
5France
96.9%
9Italy
96.1%
4Portugal
77.6%
13Greece
73.6%
8Switzerland
66.9%
11Austria
64.8%
15Sweden
53.4%
3Croatia
52.4%
# Country % Correct
1Andorra
49.9%
6Slovenia
49.8%
2Vatican City
49.7%
14Romania
47.6%
7North Macedonia
36.4%
10Moldova
32.2%
12Uruguay
15.5%

From the Vault

MLB Win Leaders (2000s)

by ironsij0287

Sports 6m
FTW is actually an apt acronym for each and every one of these guys.
Remove Ads.
Support Sporcle.
Get the best of Sporcle when you Go Orange. This ad-free experience offers more features, more stats, and more fun while also helping to support Sporcle. Thank you for becoming a member.

Show Comments

Extras

Top Quizzes Today


Score Distribution

Your Account Isn't Verified!

In order to create a playlist on Sporcle, you need to verify the email address you used during registration. Go to your Sporcle Settings to finish the process.

Report this User

Report this user for behavior that violates our Community Guidelines.

Details: